Reception of paulinism in acts

में बचाया:
ग्रंथसूची विवरण
मुख्य लेखक: Marguerat, Daniel (autor)
स्वरूप: पुस्तक
भाषा:अंग्रेज़ी
जर्मन
फ़्रेंच
प्रकाशित: Lovaina Peeters 2009
संस्करण:1a. ed
श्रृंखला:Bibliotheca Ephemeridum Theologicarum Lovaniensium, 229
विषय:
टैग: टैग जोड़ें
कोई टैग नहीं, इस रिकॉर्ड को टैग करने वाले पहले व्यक्ति बनें!

MARC

LEADER 00000nam a2200000 a 4500
001 UCG7233
003 CL-VaPUC
008 110701e20090000BE |||||||||||||||||eng|d
020 |a 9789042922419 
041 0 7 |a eng  |2 CL-VaPUC 
041 0 7 |a ger  |2 CL-VaPUC 
041 0 7 |a fre  |2 CL-VaPUC 
082 0 4 |a 226.606  |b MAR  |2 21 
100 |a Marguerat, Daniel  |e autor  |9 580641 
245 1 0 |a Reception of paulinism in acts 
246 1 0 |a Réception du paulinisme dans les actes des apotres 
250 |a 1a. ed 
300 |a 355 p 
942 |c BK 
945 |d 20110701 00:00:00  |a cmena 
260 |a Lovaina  |b Peeters  |c 2009 
600 0 |a Pablo de Tarso, Santo  |9 321163 
650 0 |a Nuevo testamento  |9 257604 
650 0 |a Biblia  |9 257603 
650 0 |a Crítica e interpretación   |9 255042 
650 0 |a Congresos  |9 257560 
650 0 |a Epístolas  |9 321181 
583 |a last modification  |c 20110701 00:00:00  |k Rodrigo Vera 
490 0 |a Bibliotheca Ephemeridum Theologicarum Lovaniensium, 229 
999 |c 345294  |d 345292 
952 |0 0  |1 0  |4 0  |6 226_606000000000000_MAR_2009  |7 0  |8 A  |9 443785  |a BIBTEO  |b BIBTEO  |d 2019-11-22  |i 4786874  |l 1  |o 226.606 MAR 2009  |p 4786874  |r 2025-01-17  |s 2023-04-19  |w 2019-11-22  |y BK  |k ICR